000 00310nam a2200121Ia 4500
008 190722s9999 xx 000 0 und d
020 _a978-1-118-03471-2
100 _aJim Cockrum
245 0 _aMarketing 101-low and no -cost ways
260 _aAmerica
_bJohn Wiley & Sons
_c2011
300 _a327
942 _cBK
999 _c519
_d519